Catálogo
 En Linea

Violencia contra la mujer a través de múltiples miradas / (Registro nro. 44931)

Detalles MARC
000 -CABECERA
campo de control de longitud fija 01339nam a2200181 a 4500
001 - NÚMERO DE CONTROL
campo de control 000045442
005 - FECHA Y HORA DE LA ÚLTIMA TRANSACCIÓN
campo de control 20201002052243.0
008 - DATOS DE LONGITUD FIJA--INFORMACIÓN GENERAL
campo de control de longitud fija 150325s1994 dr 000 0 spa d
040 ## - FUENTE DE LA CATALOGACIÓN
Centro catalogador/agencia de origen DO-SdBNP
Lengua de catalogación spa
Centro/agencia transcriptor BNPHU
082 ## - NÚMERO DE LA CLASIFICACIÓN DECIMAL DEWEY
Número de clasificación xxxx
Número de documento/Ítem xxxx
111 1# - ENTRADA PRINCIPAL--NOMBRE DE CONGRESO/REUNIÓN
Nombre de congreso/reunión o jurisdicción como elemento de entrada Seminario Internacional Violencia Doméstica, Salud y Legislacion
Fecha del congreso/reunión (1993 : 18 de nov.
Sede del congreso/Lugar de la reunión Santo Domingo)
9 (RLIN) 73494
245 10 - MENCIÓN DE TÍTULO
Título Violencia contra la mujer a través de múltiples miradas /
Mención de responsabilidad, etc. compilación Gisela Quiterio Benítez.
260 ## - PUBLICACIÓN, DISTRIBUCIÓN, ETC.
Lugar de publicación, distribución, etc. Santo Domingo :
Nombre del editor, distribuidor, etc. Centro de Apoyo Aquelarre,
Fecha de publicación, distribución, etc. 1994.
300 ## - DESCRIPCIÓN FÍSICA
Extensión 64 p. ;
Dimensiones 21 cm.
500 ## - NOTA GENERAL
Nota general Incluye referencias bibliográficas y notas al pie de las páginas.
505 0# - NOTA DE CONTENIDO CON FORMATO
Nota de contenido con formato 1a. pt. Ponencias seminario "violencia doméstica, salud y legislación --
Título Apuntes para un debate interdisciplinario /
Mención de responsabilidad Dinnis Luciano
Título La violencia en los servicios de salud: la epidemia invisible
Mención de responsabilidad Maritza Romero /
Título Autoestima y violencia --
Mención de responsabilidad Margot Tapia /
Título Marco conceptual de la ley de la violencia doméstica en Puerto Rico --
Mención de responsabilidad Esther Vicente /
Título La violencia conyugal frente a la administración de la justicia --
Mención de responsabilidad Giselle Molina --
Título 2a. pt. Aspectos teóricos-metodológicos sobre violencia.
-- Sentir pensar y enfrentar la violencia /
Mención de responsabilidad Saul Franco --
Título Violencia oculta: La depresión en la mujer /
Mención de responsabilidad May Brenes --
700 12 - PUNTO DE ACCESO ADICIONAL--NOMBRE DE PERSONA
Nombre de persona Quiterio Benítez, Gisela,
Término indicativo de función/relación comp.
9 (RLIN) 53428
Existencias
Estado de retiro Estado de pérdida No para préstamo Código de colección Localización permanente Ubicación/localización actual Ubicación en estantería Fecha de adquisición Número de inventario Total de préstamos Signatura topográfica completa Código de barras Fecha visto por última vez Precio válido a partir de Tipo de ítem Koha
    Excluido de préstamo Patrimonio Dominicano Patrimonio Dominicano Patrimonio Dominicano En catalogación 25.03.2015 LF1   xxxx xxxx 45442-10 25.06.2020 25.06.2020 Libro y Folleto Colección Patrimonio Dominicano

Con tecnología Koha